David's secret demons : (Record no. 8946)
[ view plain ]
| 000 -LEADER | |
|---|---|
| fixed length control field | 00706nam a2200181 4500 |
| 008 - FIXED-LENGTH DATA ELEMENTS--GENERAL INFORMATION | |
| fixed length control field | 110617s mnu 000 0 eng |
| 020 ## - INTERNATIONAL STANDARD BOOK NUMBER | |
| International Standard Book Number | 0802844782 :USD30.00 |
| 090 ## - LOCALLY ASSIGNED LC-TYPE CALL NUMBER (OCLC); LOCAL CALL NUMBER (OCLC) | |
| Classification number (OCLC) (R) ; Classification number, CALL (RLIN) (NR) | BS580.D3 |
| Local cutter number (OCLC) ; Book number/undivided call number, CALL (RLIN) | H16 |
| 100 1# - MAIN ENTRY--PERSONAL NAME | |
| Personal name | Halpern, Baruch. |
| 245 10 - TITLE STATEMENT | |
| Title | David's secret demons : |
| Remainder of title | messiah, murderer, traitor, king / |
| Statement of responsibility, etc | Baruch Halpern. |
| 260 ## - PUBLICATION, DISTRIBUTION, ETC. (IMPRINT) | |
| Place of publication, distribution, etc | Grand Rapids, Mich. : |
| Name of publisher, distributor, etc | W.B. Eerdmans, |
| Date of publication, distribution, etc | c2001. |
| 300 ## - PHYSICAL DESCRIPTION | |
| Extent | xx, 492 p. : |
| Other physical details | ill., maps ; |
| Dimensions | 25 cm. |
| 490 1# - SERIES STATEMENT | |
| Series statement | The Bible in its world. |
| 504 ## - BIBLIOGRAPHY, ETC. NOTE | |
| Bibliography, etc | Includes bibliographical references and indexes. |
| 600 14 - SUBJECT ADDED ENTRY--PERSONAL NAME | |
| Personal name | David, |
| Titles and other words associated with a name | King of Israel. |
| 630 04 - SUBJECT ADDED ENTRY--UNIFORM TITLE | |
| Uniform title | Bible. |
| Name of part/section of a work | O.T. |
| -- | Samuel |
| General subdivision | Criticism, interpretation, etc. |
| 951 ## - EQUIVALENCE OR CROSS-REFERENCE-GEOGRAPHIC NAME/AREA NAME [OBSOLETE] [CAN/MARC only] | |
| General subdivision | 00027677 |
| 951 ## - EQUIVALENCE OR CROSS-REFERENCE-GEOGRAPHIC NAME/AREA NAME [OBSOLETE] [CAN/MARC only] | |
| -- | 25085 |
| -- | BS580.D3/H16 |
| -- | 070613111127484 |
| -- | 2000-12-21 |
| -- | GC |
| Withdrawn status | Lost status | Damaged status | Not for loan | Home library | Current library | Shelving location | Date acquired | Accession number | Shelving control number | Total Checkouts | Full call number | Barcode | Date last seen | Price effective from | Koha item type |
|---|---|---|---|---|---|---|---|---|---|---|---|---|---|---|---|
| BSOP Library | BSOP Library | GC | 12/21/2000 | 25085 | 127 | BS580.D3/H16 | 00027677 | 02/23/2013 | 02/23/2013 | Books |
